000 00594nam a2200157 4500
001 109255
003 ES-MaACL
005 20230906184816.0
007 t|
008 061121s1923 sp r ||||1| spa d
100 1 _aOliveras Massó, Claudio.
_986864
245 1 0 _aPaliativos enológicos contra la crisis vinícola
_b: Conferencia desarrollada el 17 de abril de 1923 en Barcelona, formando parte de un ciclo sobre ` Crisis Vinícolas ` /
_cClaudio Oliveras Massó.
260 _aReus :
_b[s.n.],
_c1923 (
_fE.Navas)
300 _aVIII, 74 p. ;
_c23 cm.
852 _aES-MaACL
_j1673-F-9
_bR.4477
999 _c109255
_d109255